Zmeny v cestovných náhradách od 1.3.2015

Užívateľský zamestnávateľ. Dočasné pridelenie zamestnanca. Vyslanie na pracovnú cestu, cestovné náhrady, pravidelné pracovisko počas dočasného pridelenia. Zmeny vykonané v zákone o cestovných náhradách vo väzbe na dočasné pridelenie zamestnanca k užívateľskému zamestnávateľovi. Stravné.

Saved in:
Bibliographic Details
Main Author: Minková, Ľuboslava
Format: Book Chapter
Language:Slovak
Subjects:
Tags: Add Tag
No Tags, Be the first to tag this record!

MARC

LEADER 00000naa a2200000 4500
001 0200754
005 20231114112418.3
041 0 |a slo 
044 |a SK 
245 1 0 |a Zmeny v cestovných náhradách od 1.3.2015  |c Ľuboslava Minková 
520 |a Užívateľský zamestnávateľ. Dočasné pridelenie zamestnanca. Vyslanie na pracovnú cestu, cestovné náhrady, pravidelné pracovisko počas dočasného pridelenia. Zmeny vykonané v zákone o cestovných náhradách vo väzbe na dočasné pridelenie zamestnanca k užívateľskému zamestnávateľovi. Stravné. 
610 2 0 |a náhrada cestovného 
610 2 0 |a úpravy právne 
100 1 |a Minková, Ľuboslava